[Event "Titled Tuesday intern op 03rd Jan Late"]
[Site "Chess.com INT"]
[Date "2025.06.03"]
[Round "3"]
[White "Rustemov, Alexander"]
[Black "Kovacsy, Barnabas"]
[Result "1-0"]
[WhiteElo "2525"]
[BlackElo "2252"]
[PlyCount "75"]
[EventDate "2025.06.03"]
[EventType "swiss (blitz)"]
[EventRounds "11"]
[EventCountry "USA"]
[SourceTitle "CB24_2025"]
[SourceDate "2025.06.11"]
[SourceVersion "1"]
[SourceVersionDate "2025.06.11"]
[SourceQuality "1"]

1. d4 Nf6 2. c4 b6 3. Nf3 Bb7 4. Nc3 g6 5. Bf4 Bg7 6. e3 0-0 7. Be2 d5 8. 0-0 c5 9. dxc5 bxc5 10. cxd5 Nxd5 11. Nxd5 Qxd5 12. Qxd5 Bxd5 13. Be5 Nd7 14. Bxg7 Kxg7 15. Nd2 Rfb8 16. b3 a5 17. Bc4 Bxc4 18. Nxc4 a4 19. Nd2 Rb7 20. Rfc1 axb3 21. axb3 Rxa1 22. Rxa1 f5 23. Kf1 Kf6 24. Ke2 Ne5 25. Ra6+ e6 26. f4 Nd7 27. Kd3 Ke7 28. Kc2 e5 29. Nc4 exf4 30. exf4 Nf6 31. g3 Ne4 32. Ne5 Kf8 33. Nd3 Ke7 34. Rc6 Rb5 35. Rc7+ Kf6 36. Rxh7 c4 37. bxc4 Rc5 38. Nxc5 1-0

[Event "Titled Tuesday intern op 03rd Jan Late"]
[Site "Chess.com INT"]
[Date "2025.06.03"]
[Round "8"]
[White "Rustemov, Alexander"]
[Black "Tahmasebi, Hamid Reza"]
[Result "0-1"]
[WhiteElo "2525"]
[BlackElo "2298"]
[PlyCount "144"]
[EventDate "2025.06.03"]
[EventType "swiss (blitz)"]
[EventRounds "11"]
[EventCountry "USA"]
[SourceTitle "CB24_2025"]
[SourceDate "2025.06.11"]
[SourceVersion "1"]
[SourceVersionDate "2025.06.11"]
[SourceQuality "1"]

1. Nf3 Nf6 2. c4 e6 3. Nc3 d5 4. cxd5 exd5 5. d4 Be7 6. Bf4 0-0 7. e3 c6 8. Qc2 Bd6 9. Bxd6 Qxd6 10. h3 Re8 11. Bd3 Nbd7 12. 0-0 Nf8 13. Rab1 a5 14. a3 b5 15. Rfc1 Bb7 16. Ne2 N8d7 17. Nf4 h6 18. a4 b4 19. Bf1 Ne4 20. Nd3 Rac8 21. Nd2 Nxd2 22. Qxd2 c5 23. dxc5 Nxc5 24. Nxc5 Rxc5 25. Rxc5 Qxc5 26. Rc1 Qb6 27. Bb5 Re4 28. Bd3 Re6 29. Be2 Bc6 30. b3 Rd6 31. Qd4 Qd8 32. Bf3 Bd7 33. Rc5 Be6 34. h4 Rd7 35. g3 Rc7 36. Rxc7 Qxc7 37. Bxd5 Bxd5 38. Qxd5 Qc1+ 39. Kg2 Qc3 40. h5 Qc2 41. Kf3 Qc3 42. g4 Qf6+ 43. Kg3 Qc3 44. Kf4 Qc7+ 45. Kf3 Qc2 46. Kg2 Qc3 47. Kg3 Qc7+ 48. f4 Qc3 49. Kf3 Qc2 50. g5 hxg5 51. fxg5 Qb1 52. Kf2 Qc2+ 53. Ke1 Qb1+ 54. Kd2 Qb2+ 55. Kd3 Qc3+ 56. Ke4 Qc2+ 57. Kf3 Qb1 58. Kg3 Qg1+ 59. Qg2 Qxe3+ 60. Kh4 Qxb3 61. Qa8+ Kh7 62. Qe4+ Kg8 63. Qe8+ Kh7 64. g6+ fxg6 65. Qxg6+ Kg8 66. Qe8+ Kh7 67. Qg6+ Kh8 68. Qe8+ Qg8 69. Qb5 Qd8+ 70. Kg4 Qc8+ 71. Kg5 Qd8+ 72. Kg6 Qf6# 0-1

[Event "Chess.com Classic Play In"]
[Site "Chess.com INT"]
[Date "2025.05.19"]
[Round "4"]
[White "Rustemov, Alexander"]
[Black "Sarana, Alexey"]
[Result "0-1"]
[WhiteElo "2525"]
[BlackElo "2686"]
[PlyCount "162"]
[EventDate "2025.05.19"]
[EventType "swiss (blitz)"]
[EventRounds "9"]
[EventCountry "USA"]
[SourceTitle "CB21_2025"]
[SourceDate "2025.05.21"]
[SourceVersion "1"]
[SourceVersionDate "2025.05.21"]
[SourceQuality "1"]

1. d4 Nf6 2. c4 e6 3. Nf3 d5 4. cxd5 exd5 5. Nc3 c6 6. Bf4 Nbd7 7. e3 Nh5 8. Bg3 Nxg3 9. hxg3 Nf6 10. Bd3 Bd6 11. Qc2 Qe7 12. Bf5 Bxf5 13. Qxf5 g6 14. Qc2 h5 15. 0-0-0 0-0-0 16. Kb1 Kb8 17. Rc1 Ng4 18. a3 Rhe8 19. Rhe1 Qd7 20. Re2 f5 21. Na4 Nf6 22. Ne1 Ne4 23. Nd3 Qe7 24. Nac5 g5 25. Nxe4 fxe4 26. Nc5 Rf8 27. b4 Rf7 28. Qb3 a6 29. a4 Bxc5 30. Rxc5 Rf6 31. b5 cxb5 32. axb5 Rb6 33. Rb2 Qd7 34. Qa3 Ka7 35. bxa6 Rxb2+ 36. Kxb2 bxa6 37. Ka2 Rc8 38. Rxc8 Qxc8 39. Qe7+ Kb6 40. Kb2 Qf5 41. Qd8+ Kc6 42. Qe8+ Kc7 43. Qe7+ Kb6 44. Qd8+ Kb5 45. Qb8+ Kc6 46. Qe8+ Kc7 47. Qe7+ Qd7 48. Qxg5 Qb5+ 49. Ka3 Qd3+ 50. Ka2 Qc2+ 51. Ka3 Qc3+ 52. Ka2 Qc4+ 53. Ka3 Qd3+ 54. Ka2 Qd2+ 55. Ka3 Qc1+ 56. Ka2 Qc2+ 57. Ka3 Qc3+ 58. Ka2 Qa5+ 59. Kb3 Qb5+ 60. Ka2 Qe2+ 61. Ka3 Kc6 62. Qf6+ Kb5 63. Qf7 Qd3+ 64. Ka2 Qc2+ 65. Ka3 Qa4+ 66. Kb2 Kc4 67. Qxh5 Qb3+ 68. Kc1 Qc3+ 69. Kb1 Qd3+ 70. Kc1 Kc3 71. Qd1 a5 72. g4 a4 73. Qe1+ Kb3 74. Qd2 Qxd2+ 75. Kxd2 a3 76. g5 a2 77. g6 a1Q 78. g7 Qa8 79. f3 Qg8 80. Ke2 Qxg7 81. Kf2 Kc3 0-1

[Event "Titled Tuesday intern op 06th May Early"]
[Site "Chess.com INT"]
[Date "2025.05.06"]
[Round "10"]
[White "Olund, Joar"]
[Black "Rustemov, Alexander"]
[Result "1/2-1/2"]
[WhiteElo "2356"]
[BlackElo "2525"]
[PlyCount "103"]
[EventDate "2025.05.06"]
[EventType "swiss (blitz)"]
[EventRounds "11"]
[EventCountry "USA"]
[SourceTitle "CB20_2025"]
[SourceDate "2025.05.14"]
[SourceVersion "1"]
[SourceVersionDate "2025.05.14"]
[SourceQuality "1"]

1. d4 d5 2. Nf3 Nf6 3. Bf4 c5 4. e3 Nc6 5. Nbd2 Bg4 6. c3 e6 7. Qb3 Qc8 8. h3 Bh5 9. dxc5 Bxc5 10. Bd3 0-0 11. 0-0 Bg6 12. Bxg6 hxg6 13. Rad1 Rd8 14. Rfe1 a6 15. a4 Be7 16. e4 dxe4 17. Nxe4 Nxe4 18. Rxe4 Rxd1+ 19. Qxd1 Qd8 20. Qb3 Qd7 21. Nd4 Rc8 22. Nxc6 Qxc6 23. Rd4 Bc5 24. Rd2 b5 25. axb5 axb5 26. Qd1 f6 27. Rd8+ Rxd8 28. Qxd8+ Kf7 29. Qd3 e5 30. Be3 Be7 31. b4 f5 32. Kf1 e4 33. Qd4 Bf6 34. Qa7+ Ke6 35. Bc5 Bxc3 36. Qe7+ Kd5 37. Qf7+ Qe6 38. Qa7 Ke5 39. Qxg7+ Qf6 40. Qc7+ Kd5 41. Qa7 Qc6 42. Qf7+ Qe6 43. Qb7+ Qc6 44. Qa7 Ke6 45. Kg1 Bf6 46. g3 g5 47. Qb8 Qd7 48. Qg8+ Qf7 49. Qc8+ Qd7 50. Qg8+ Qf7 51. Qc8+ Qd7 52. Qg8+ 1/2-1/2

[Event "Titled Tuesday intern op 06th May Early"]
[Site "Chess.com INT"]
[Date "2025.05.06"]
[Round "6"]
[White "Rustemov, Alexander"]
[Black "Barria Zuniga, Daniel"]
[Result "1-0"]
[WhiteElo "2525"]
[BlackElo "2341"]
[PlyCount "69"]
[EventDate "2025.05.06"]
[EventType "swiss (blitz)"]
[EventRounds "11"]
[EventCountry "USA"]
[SourceTitle "CB20_2025"]
[SourceDate "2025.05.14"]
[SourceVersion "1"]
[SourceVersionDate "2025.05.14"]
[SourceQuality "1"]

1. d4 Nf6 2. Bg5 e6 3. e3 h6 4. Bxf6 Qxf6 5. Nd2 Nc6 6. c3 d6 7. Bb5 Bd7 8. Ngf3 a6 9. Bd3 g5 10. h3 Bg7 11. Qc2 Qe7 12. 0-0-0 0-0-0 13. Kb1 f5 14. d5 Ne5 15. dxe6 Qxe6 16. Nd4 Qd5 17. Bxf5 Qxg2 18. Rdf1 Bxf5 19. Nxf5 Rd7 20. Qe4 Qxe4+ 21. Nxe4 Rf8 22. Neg3 Rdf7 23. e4 Ng6 24. Kc2 Be5 25. Kd2 d5 26. Ke1 dxe4 27. Nxh6 Rh7 28. Ng4 Bxg3 29. fxg3 Rhf7 30. Rxf7 Rxf7 31. Rf1 Rh7 32. Rf6 Ne7 33. Rf8+ Kd7 34. Nf6+ Ke6 35. Nxh7 1-0

[Event "Titled Tuesday intern op 06th May Early"]
[Site "Chess.com INT"]
[Date "2025.05.06"]
[Round "8"]
[White "Rustemov, Alexander"]
[Black "Gorovets, Andrey"]
[Result "1-0"]
[WhiteElo "2525"]
[BlackElo "2461"]
[PlyCount "55"]
[EventDate "2025.05.06"]
[EventType "swiss (blitz)"]
[EventRounds "11"]
[EventCountry "USA"]
[SourceTitle "CB20_2025"]
[SourceDate "2025.05.14"]
[SourceVersion "1"]
[SourceVersionDate "2025.05.14"]
[SourceQuality "1"]

1. d4 Nf6 2. c4 e6 3. Nf3 d5 4. cxd5 exd5 5. Nc3 c6 6. Bf4 Bf5 7. e3 Bd6 8. Bxd6 Qxd6 9. Nh4 Bg6 10. Be2 Nbd7 11. 0-0 0-0 12. g3 a5 13. a3 Rfe8 14. Nxg6 hxg6 15. Bd3 Re7 16. Qf3 Rae8 17. h4 Nb6 18. Kg2 Qd7 19. Rh1 Nc8 20. Ne2 Nd6 21. Nf4 Nfe4 22. Bxe4 Nxe4 23. Rad1 a4 24. Nd3 Qc7 25. h5 g5 26. h6 g6 27. Nc5 Nxc5 28. Qf6 1-0

[Event "Titled Tuesday intern op 06th May Early"]
[Site "Chess.com INT"]
[Date "2025.05.06"]
[Round "9"]
[White "Rustemov, Alexander"]
[Black "Nepomniachtchi, Ian"]
[Result "0-1"]
[WhiteElo "2525"]
[BlackElo "2757"]
[PlyCount "132"]
[EventDate "2025.05.06"]
[EventType "swiss (blitz)"]
[EventRounds "11"]
[EventCountry "USA"]
[SourceTitle "CB20_2025"]
[SourceDate "2025.05.14"]
[SourceVersion "1"]
[SourceVersionDate "2025.05.14"]
[SourceQuality "1"]

1. d4 g6 2. c4 Bg7 3. Nf3 d6 4. g3 f5 5. Bg2 Nf6 6. 0-0 0-0 7. Nc3 h6 8. d5 c6 9. Nd4 Qe8 10. Rb1 g5 11. b4 Qh5 12. e3 Qe8 13. dxc6 Nxc6 14. Nxc6 bxc6 15. b5 Bd7 16. a4 Rc8 17. Qb3 Kh8 18. Bb2 f4 19. exf4 gxf4 20. bxc6 Bxc6 21. Nd5 Bxa4 22. Qd3 e5 23. Rfe1 fxg3 24. hxg3 Bc6 25. Ba3 Bxd5 26. Bxd5 Qh5 27. Qe2 Qxe2 28. Rxe2 Nxd5 29. cxd5 Rf6 30. Rb7 Rc3 31. Rxa7 Rd3 32. Rc2 Rxd5 33. Rcc7 Bf8 34. Bc1 Kg8 35. Be3 Rb5 36. Rc8 d5 37. Rd7 d4 38. Bd2 Rb2 39. Be1 Rf7 40. Rd5 Kg7 41. Kf1 Re7 42. Ba5 Re6 43. Bd8 Rb7 44. Bh4 Rf7 45. Kg2 h5 46. f3 Kg6 47. Rcd8 Bg7 48. R8d6 Rxd6 49. Rxd6+ Bf6 50. f4 Kf5 51. Bxf6 Rxf6 52. fxe5 Kxe5 53. Rd8 Rd6 54. Re8+ Kd5 55. Kf2 Kc4 56. Ke2 Rg6 57. Re5 Rxg3 58. Rxh5 Rg2+ 59. Kd1 Kc3 60. Rh1 Ra2 61. Rh8 Ra1+ 62. Ke2 d3+ 63. Kf2 d2 64. Rc8+ Kb4 65. Rb8+ Kc5 66. Rc8+ Kb6 0-1

[Event "Titled Tuesday intern op 01st Apr Late"]
[Site "Chess.com INT"]
[Date "2025.04.01"]
[Round "8"]
[White "Erdogmus, Yagiz Kaan"]
[Black "Rustemov, Alexander"]
[Result "1-0"]
[WhiteElo "2618"]
[BlackElo "2525"]
[PlyCount "51"]
[EventDate "2025.04.01"]
[EventType "swiss (blitz)"]
[EventRounds "11"]
[EventCountry "USA"]
[SourceTitle "CB21_2025"]
[SourceDate "2025.05.21"]
[SourceVersion "1"]
[SourceVersionDate "2025.05.21"]
[SourceQuality "1"]

1. c4 c5 2. b3 Nf6 3. Bb2 e6 4. Nf3 Be7 5. e3 0-0 6. Nc3 Nc6 7. d4 cxd4 8. Nxd4 b6 9. Be2 Bb7 10. 0-0 Nxd4 11. Qxd4 Qb8 12. Rfd1 Rd8 13. Bf3 Bxf3 14. gxf3 Qb7 15. Kg2 a6 16. a4 Rab8 17. Qf4 Rbc8 18. Kh1 d5 19. cxd5 Nxd5 20. Nxd5 Rxd5 21. Rg1 g6 22. e4 Rh5 23. Rac1 Bc5 24. Qf6 Kf8 25. Rgd1 Ke8 26. Rxc5 1-0

[Event "Titled Tuesday intern op 01st Apr Late"]
[Site "Chess.com INT"]
[Date "2025.04.01"]
[Round "3"]
[White "Martinez Ramirez, Lennis"]
[Black "Rustemov, Alexander"]
[Result "1-0"]
[WhiteElo "2443"]
[BlackElo "2525"]
[PlyCount "89"]
[EventDate "2025.04.01"]
[EventType "swiss (blitz)"]
[EventRounds "11"]
[EventCountry "USA"]
[SourceTitle "CB15_2025"]
[SourceDate "2025.04.09"]
[SourceVersion "1"]
[SourceVersionDate "2025.04.09"]
[SourceQuality "1"]

1. d4 g6 2. Nf3 Bg7 3. Nc3 d5 4. e4 dxe4 5. Nxe4 Nd7 6. Bc4 Ngf6 7. Bxf7+ Kxf7 8. Neg5+ Kg8 9. Ne6 Qe8 10. Nxc7 Qd8 11. Nxa8 b6 12. Bf4 Nd5 13. Bg3 Ba6 14. c4 Bxc4 15. Rc1 b5 16. b3 Qxa8 17. bxc4 bxc4 18. Qe2 N7b6 19. Qe6+ Kf8 20. Ne5 Bxe5 21. Bxe5 Rg8 22. 0-0 Qe8 23. f4 Qf7 24. f5 gxf5 25. Rxf5 Nf6 26. Qc6 Qd5 27. Qxd5 Nbxd5 28. Bxf6 Nxf6 29. Rxc4 Kf7 30. h3 Rb8 31. Rc7 Rb1+ 32. Rf1 Rb2 33. Rf2 Rb1+ 34. Kh2 a5 35. Re2 Nd5 36. Rc5 Nf6 37. Rxa5 h5 38. Rae5 Rd1 39. Rxe7+ Kg6 40. R7e6 Kg7 41. Rf2 Nd5 42. Re5 Rxd4 43. Rxh5 Ne3 44. Re5 Rd3 45. Rf3 1-0

[Event "Titled Tuesday intern op 01st Apr Early"]
[Site "Chess.com INT"]
[Date "2025.04.01"]
[Round "11"]
[White "Potapova, Margarita"]
[Black "Rustemov, Alexander"]
[Result "0-1"]
[WhiteElo "2226"]
[BlackElo "2525"]
[PlyCount "58"]
[EventDate "2025.04.01"]
[EventType "swiss (blitz)"]
[EventRounds "11"]
[EventCountry "USA"]
[SourceTitle "CB15_2025"]
[SourceDate "2025.04.09"]
[SourceVersion "1"]
[SourceVersionDate "2025.04.09"]
[SourceQuality "1"]

1. d4 d5 2. c4 dxc4 3. e4 Nf6 4. e5 Nd5 5. Bxc4 Nb6 6. Bb3 Nc6 7. Nf3 Na5 8. Ba4+ Bd7 9. Bc2 Bg4 10. h3 Bxf3 11. Qxf3 e6 12. 0-0 Qxd4 13. Nc3 Qxe5 14. Bf4 Qc5 15. Rac1 Nc6 16. Ne4 Nd4 17. Qe3 Nxc2 18. Qxc5 Bxc5 19. Rxc2 Be7 20. Bxc7 Nd5 21. Bd6 Rd8 22. Bxe7 Kxe7 23. Nc5 b6 24. Na6 Rc8 25. Rfc1 Kd7 26. g3 Rxc2 27. Rxc2 Rc8 28. Rd2 Kc6 29. a4 Kb7 0-1

[Event "Titled Tuesday intern op 25th Mar Early"]
[Site "Chess.com INT"]
[Date "2025.03.25"]
[Round "7"]
[White "Akhmedov, David"]
[Black "Rustemov, Alexander"]
[Result "0-1"]
[WhiteElo "2469"]
[BlackElo "2525"]
[PlyCount "78"]
[EventDate "2025.03.25"]
[EventType "swiss (blitz)"]
[EventRounds "11"]
[EventCountry "USA"]
[SourceTitle "CB14_2025"]
[SourceDate "2024.11.01"]
[SourceVersion "1"]
[SourceVersionDate "2024.11.01"]
[SourceQuality "1"]

1. d4 d5 2. c4 c6 3. Nf3 Nf6 4. Nc3 a6 5. c5 Nbd7 6. Bf4 Nh5 7. Bd2 g6 8. h3 Bg7 9. e4 dxe4 10. Nxe4 Nhf6 11. Nc3 b6 12. b4 a5 13. a3 0-0 14. Bc4 e6 15. 0-0 Ba6 16. Bxa6 Rxa6 17. Rc1 axb4 18. axb4 b5 19. Bg5 Qc7 20. Qd2 Rfa8 21. Bf4 Qc8 22. h4 Ra3 23. Qb2 h6 24. Ne5 Nxe5 25. Bxe5 Qd8 26. Ra1 Rxa1 27. Rxa1 Rxa1+ 28. Qxa1 Nd5 29. Bxg7 Kxg7 30. g3 Nxb4 31. d5 Qf6 32. d6 Nd3 33. d7 Qxf2+ 34. Kh1 Qd4 35. Qa7 Ne5 36. Nxb5 Qxd7 37. Qxd7 Nxd7 38. Nd4 Nb8 39. Nxc6 Nxc6 0-1

[Event "Titled Tuesday intern op 25th Mar Early"]
[Site "Chess.com INT"]
[Date "2025.03.25"]
[Round "3"]
[White "Beletic, Daniel"]
[Black "Rustemov, Alexander"]
[Result "0-1"]
[WhiteElo "2250"]
[BlackElo "2525"]
[PlyCount "82"]
[EventDate "2025.03.25"]
[EventType "swiss (blitz)"]
[EventRounds "11"]
[EventCountry "USA"]
[SourceTitle "CB14_2025"]
[SourceDate "2024.11.01"]
[SourceVersion "1"]
[SourceVersionDate "2024.11.01"]
[SourceQuality "1"]

1. e4 e6 2. Qe2 c5 3. Nf3 Nc6 4. g3 g6 5. Bg2 Bg7 6. 0-0 Nge7 7. c3 e5 8. d3 0-0 9. a3 a5 10. a4 d6 11. Na3 h6 12. Nb5 Be6 13. Nd2 Qd7 14. Nc4 Nc8 15. f4 exf4 16. Bxf4 Ne5 17. Rad1 b6 18. b3 Qe7 19. Ne3 Bxb3 20. c4 Bxd1 21. Qxd1 Qd8 22. h4 Na7 23. Nd5 Nxb5 24. cxb5 Kh7 25. Bh3 Ra7 26. Be3 h5 27. Qd2 f6 28. Kg2 Raf7 29. Be6 Rb7 30. Bh3 Nf7 31. Nf4 Ne5 32. Qe2 Re7 33. Nxg6 Nxg6 34. Bf5 Kg8 35. Bxg6 Re5 36. Bf4 f5 37. Bxe5 Bxe5 38. Qxh5 Qe7 39. Rxf5 Rxf5 40. Bxf5 Qg7 41. Qe8+ Qf8 0-1